000 01012cam a2200313 a 4500
003 CHAP
005 20220817043610.0
008 000125 1994 us r 00010 eng d
010 _a79462
011 _a80434
035 _a90885
040 _cCHAP
090 _aR-3639
100 0 0 _aHaddad, Lawrence J.
_952184
245 0 _aChoice of indicators for food security and nutrition monitoring
_c/by Lawrence Haddad, Eileen Kennedy and Joan Sullivan
500 _aSobretiro de: Food Policy 19 (3) : 329-343, 1994.
590 _aBATCH-UPD
_b10
_c20130110
_lUCH01
_h0652
590 _aBATCH-UPD
_b10
_c20130410
_lUCH01
_h0337
590 _aBATCH-UPD
_b10
_c20130914
_lUCH01
_h0156
590 _aCONVERSION
_b10
_c20130109
_lUCH01
_h1344
650 1 4 _aAlimentos
_xAbastecimiento.
650 1 4 _aNutrición.
_982246
700 0 _aKennedy, Eileen T.
_963035
700 0 _aSullivan, Joan.
_9110626
901 _aBK
905 _aBlanca M. García O.
942 _cREIMP
949 _aR-3639
_bBC
_cR
_d908851
_eTS1
_i90885
_sb
999 _c79462
_d79462